[Event "Florianopolis op"]
[Site "Florianopolis"]
[Date "2015.01.18"]
[Round "9"]
[White "Cubas, Jose Fernando"]
[Black "Pottker, Gustavo Sartori"]
[Result "1-0"]
[WhiteElo "2459"]
[BlackElo "2109"]
[PlyCount "45"]
[EventDate "2015.01.14"]
[EventType "swiss"]
[EventRounds "10"]
[EventCountry "BRA"]
[SourceTitle "CBM 164 Extra"]
[Source "ChessBase"]
[SourceDate "2015.03.02"]
[SourceVersion "1"]
[SourceVersionDate "2015.03.02"]
[SourceQuality "1"]

1. e4 c6 2. d4 d5 3. e5 Bf5 4. Ne2 e6 5. Ng3 Bg6 6. h4 h5 7. Be2 Be7 8. Bxh5
Bxh5 9. Nxh5 g6 10. Nf4 Rxh4 11. Rxh4 Bxh4 12. Qg4 Qg5 13. Qf3 Qf5 14. Qe2 c5
15. Nc3 g5 16. Nh5 Ke7 17. g3 cxd4 18. Nb5 Nc6 19. gxh4 gxh4 20. Bf4 d3 21.
Qxd3 Qxh5 22. Qa3+ Ke8 23. Nc7+ 1-0

[Event "Florianopolis op"]
[Site "Florianopolis"]
[Date "2015.01.18"]
[Round "10"]
[White "Molina, Roberto Junio Brito"]
[Black "Cubas, Jose Fernando"]
[Result "1/2-1/2"]
[WhiteElo "2408"]
[BlackElo "2459"]
[PlyCount "143"]
[EventDate "2015.01.14"]
[EventType "swiss"]
[EventRounds "10"]
[EventCountry "BRA"]
[SourceTitle "CBM 164 Extra"]
[Source "ChessBase"]
[SourceDate "2015.03.02"]
[SourceVersion "1"]
[SourceVersionDate "2015.03.02"]
[SourceQuality "1"]

1. d4 d5 2. c4 c6 3. Nf3 Nf6 4. Nc3 a6 5. e3 b5 6. b3 Bg4 7. Be2 Nbd7 8. O-O e6
9. h3 Bh5 10. Bb2 Bd6 11. Ne5 Bxe2 12. Nxe2 Qc7 13. cxd5 cxd5 14. Rc1 Qb8 15.
Nxd7 Kxd7 16. f3 Qb6 17. Qd3 Rhc8 18. e4 g6 19. Kh1 Nh5 20. e5 Be7 21. Qe3 b4
22. g4 Ng7 23. Nf4 Rxc1 24. Rxc1 Rc8 25. Nd3 Rxc1+ 26. Bxc1 Qc6 27. Bd2 a5 28.
Ne1 Ne8 29. f4 Nc7 30. Kg2 Nb5 31. Qd3 f5 32. exf6 Bxf6 33. Nf3 Nd6 34. Be3 Ne4
35. Nd2 Nc3 36. Nf3 Qb5 37. Qxb5+ Nxb5 38. Kf2 Nc3 39. Bd2 Nxa2 40. Ke3 Kc6 41.
Kd3 Kb5 42. Kc2 a4 43. Kb2 Nc3 44. Bxc3 a3+ 45. Ka2 bxc3 46. Kxa3 Bg7 47. Ka2
Kb4 48. Ne1 Bf6 49. Nf3 Bd8 50. Ne1 Bb6 51. Nc2+ Kb5 52. Kb1 Bc7 53. Ne1 Bxf4
54. Kc2 e5 55. Nd3 g5 56. dxe5 d4 57. h4 h6 58. hxg5 hxg5 59. b4 Kc6 60. e6 Kd6
61. Nc5 Ke7 62. Kd3 Bd6 63. Nb3 Kxe6 64. Nxd4+ Ke5 65. b5 Bc5 66. Nf5 Kf4 67.
Nh6 Bd4 68. b6 Bxb6 69. Kxc3 Bc7 70. Nf7 Be5+ 71. Kd3 Kxg4 72. Nxg5 1/2-1/2

[Event "Florianopolis Masters"]
[Site "Florianopolis"]
[Date "2015.01.19"]
[Round "1"]
[White "Cubas, Jose Fernando"]
[Black "Molina, Roberto Junio Brito"]
[Result "1-0"]
[WhiteElo "2459"]
[BlackElo "2408"]
[PlyCount "131"]
[EventDate "2015.01.19"]
[EventType "tourn"]
[EventRounds "9"]
[EventCountry "BRA"]
[EventCategory "7"]
[SourceTitle "CBM 164 Extra"]
[Source "ChessBase"]
[SourceDate "2015.03.02"]
[SourceVersion "1"]
[SourceVersionDate "2015.03.02"]
[SourceQuality "1"]

1. e4 c5 2. Nf3 d6 3. Nc3 Nf6 4. d4 cxd4 5. Nxd4 a6 6. Be3 e5 7. Nf3 Be7 8. Bc4
O-O 9. O-O Be6 10. Bb3 Nc6 11. Qe2 Na5 12. Rfd1 Nxb3 13. axb3 Qc7 14. Bg5 Ng4
15. Bxe7 Qxe7 16. Nd5 Bxd5 17. Rxd5 Nf6 18. Rd3 Rac8 19. c3 Rc6 20. Nd2 b5 21.
b4 Qe6 22. Re1 Re8 23. Qd1 d5 24. exd5 Nxd5 25. Nf3 Nc7 26. Rxe5 Qf6 27. Rxe8+
Nxe8 28. Re3 Nd6 29. Ne5 Rc8 30. Ng4 Qg6 31. Rd3 Re8 32. h3 Re1+ 33. Qxe1 Qxd3
34. Qe5 h6 35. Ne3 f6 36. Qe6+ Kh7 37. Nd5 Nf5 38. Qd7 Qb1+ 39. Kh2 Kh8 40. g4
Nh4 41. Ne7 Kh7 42. Qe8 Qa2 43. Kg3 g5 44. Qd7 Kh8 45. Nd5 Qb1 46. Qd8+ Kg7 47.
Qe7+ Kh8 48. Qxf6+ Kh7 49. Qf7+ Kh8 50. Qe8+ Kg7 51. Qe7+ Kh8 52. Qf8+ Kh7 53.
Kh2 Qf1 54. Qf7+ Kh8 55. Qf6+ Kh7 56. Ne3 Qe2 57. b3 Nf3+ 58. Kg3 Nd2 59. Qf5+
Kg7 60. c4 Qe1 61. Kg2 Nxb3 62. cxb5 axb5 63. Qd7+ Kf8 64. Qd6+ Kg7 65. Qe7+
Kh8 66. Qf8+ 1-0

[Event "Florianopolis Masters"]
[Site "Florianopolis"]
[Date "2015.01.20"]
[Round "2"]
[White "Disconzi da Silva, Rodrigo"]
[Black "Cubas, Jose Fernando"]
[Result "0-1"]
[WhiteElo "2362"]
[BlackElo "2459"]
[PlyCount "144"]
[EventDate "2015.01.19"]
[EventType "tourn"]
[EventRounds "9"]
[EventCountry "BRA"]
[EventCategory "7"]
[SourceTitle "CBM 164 Extra"]
[Source "ChessBase"]
[SourceDate "2015.03.02"]
[SourceVersion "1"]
[SourceVersionDate "2015.03.02"]
[SourceQuality "1"]

1. Nf3 Nf6 2. g3 d5 3. Bg2 c6 4. O-O Bg4 5. d3 Nbd7 6. Qe1 e5 7. e4 dxe4 8.
dxe4 Bxf3 9. Bxf3 Nc5 10. Qe2 Ne6 11. c3 Bc5 12. Nd2 h5 13. b4 Bb6 14. Nc4 h4
15. Rd1 Qc7 16. a4 a6 17. Nxb6 Qxb6 18. Be3 Qc7 19. a5 g6 20. Bg2 Kf8 21. Bb6
Qe7 22. Qd2 g5 23. Qd6 Qxd6 24. Rxd6 g4 25. Be3 Ke7 26. Rad1 hxg3 27. hxg3 Rad8
28. Rxd8 Rxd8 29. Rxd8 Kxd8 30. Kf1 Kd7 31. Ke2 c5 32. Kd3 Kc6 33. Bf1 Kb5 34.
Bd2 c4+ 35. Ke3 Ng5 36. Be2 Ngxe4 37. Be1 Nd6 38. f4 Nf5+ 39. Kf2 e4 40. Kg1
Nh6 41. Bf2 Nd5 42. Bd4 f5 43. Kf2 Nf7 44. Bd1 Nd6 45. Bc2 Nc8 46. Ke2 b6 47.
axb6 Ncxb6 48. Kd2 Na4 49. Bd1 Nb2 50. Be2 Nd3 51. Bd1 Nb2 52. Bc2 Na4 53. Bd1
Nab6 54. Ke2 Nd7 55. Bc2 Nb8 56. Bg7 Nc6 57. Kd2 Nb8 58. Be5 Nd7 59. Bd4 N7f6
60. Ke2 Nh5 61. Kf2 e3+ 62. Kg2 e2 63. Bxf5 e1=N+ 64. Kf2 Nd3+ 65. Kg1 Nhf6 66.
Be6 N3xb4 67. cxb4 c3 68. Bf5 Kxb4 69. Bc2 a5 70. Be5 Ne8 71. Bg6 a4 72. Bxe8
c2 0-1

[Event "Florianopolis Masters"]
[Site "Florianopolis"]
[Date "2015.01.21"]
[Round "4"]
[White "Feliciano Ebert, Vanessa"]
[Black "Cubas, Jose Fernando"]
[Result "0-1"]
[WhiteElo "2290"]
[BlackElo "2459"]
[PlyCount "54"]
[EventDate "2015.01.19"]
[EventType "tourn"]
[EventRounds "9"]
[EventCountry "BRA"]
[EventCategory "7"]
[SourceTitle "CBM 164 Extra"]
[Source "ChessBase"]
[SourceDate "2015.03.02"]
[SourceVersion "1"]
[SourceVersionDate "2015.03.02"]
[SourceQuality "1"]

1. e4 e6 2. d4 d5 3. Nc3 Nf6 4. e5 Nfd7 5. f4 c5 6. Nf3 Nc6 7. Be3 Be7 8. Qd2
O-O 9. Be2 b6 10. O-O Bb7 11. Rfd1 Rc8 12. a3 f6 13. dxc5 fxe5 14. fxe5 Ndxe5
15. Nxe5 Nxe5 16. cxb6 axb6 17. Qd4 Nc4 18. Bxc4 Rxc4 19. Qxb6 Qc8 20. Nb5 Rg4
21. Rd2 e5 22. Re1 d4 23. Bxd4 exd4 24. Nxd4 Bg5 25. Qb3+ Kh8 26. Rf2 Rxf2 27.
Qxb7 Qf8 0-1

[Event "Florianopolis Masters"]
[Site "Florianopolis"]
[Date "2015.01.22"]
[Round "5"]
[White "Cubas, Jose Fernando"]
[Black "Barbosa, Evandro Amorim"]
[Result "1/2-1/2"]
[WhiteElo "2459"]
[BlackElo "2449"]
[PlyCount "107"]
[EventDate "2015.01.19"]
[EventType "tourn"]
[EventRounds "9"]
[EventCountry "BRA"]
[EventCategory "7"]
[SourceTitle "CBM 164 Extra"]
[Source "ChessBase"]
[SourceDate "2015.03.02"]
[SourceVersion "1"]
[SourceVersionDate "2015.03.02"]
[SourceQuality "1"]

1. e4 c5 2. Nf3 e6 3. d4 cxd4 4. Nxd4 Nc6 5. Nc3 Qc7 6. Be3 a6 7. f4 b5 8. Nb3
Bb7 9. Bd3 d6 10. Qf3 Nf6 11. O-O Be7 12. a4 b4 13. Ne2 O-O 14. g4 d5 15. e5
Ne4 16. Ng3 Nxg3 17. Qxg3 f6 18. exf6 gxf6 19. Nd4 Nxd4 20. Bxd4 Bc5 21. c3 e5
22. fxe5 fxe5 23. Rf5 Rxf5 24. Bxf5 Re8 25. Re1 Re7 26. Bxc5 Qxc5+ 27. Qf2
Qxf2+ 28. Kxf2 a5 29. cxb4 axb4 30. Re3 Bc6 31. a5 d4 32. Rb3 Rb7 33. a6 Rb6
34. a7 Ra6 35. Rxb4 Rxa7 36. Rc4 Bh1 37. h4 Rb7 38. b4 Kg7 39. Rc1 Bd5 40. Rc5
Bf7 41. b5 Be8 42. Rxe5 Bxb5 43. Rd5 d3 44. Ke3 Bc4 45. Rd4 Ba6 46. Kf4 Rf7 47.
Ke3 Re7+ 48. Kf4 Rf7 49. Kg5 h6+ 50. Kh5 Bb5 51. Bxd3 Rd7 52. Rxd7+ Bxd7 53. g5
hxg5 54. hxg5 1/2-1/2

[Event "Florianopolis Masters"]
[Site "Florianopolis"]
[Date "2015.01.22"]
[Round "6"]
[White "Stamenkovic, Dragan"]
[Black "Cubas, Jose Fernando"]
[Result "1-0"]
[WhiteElo "2409"]
[BlackElo "2459"]
[PlyCount "73"]
[EventDate "2015.01.19"]
[EventType "tourn"]
[EventRounds "9"]
[EventCountry "BRA"]
[EventCategory "7"]
[SourceTitle "CBM 164 Extra"]
[Source "ChessBase"]
[SourceDate "2015.03.02"]
[SourceVersion "1"]
[SourceVersionDate "2015.03.02"]
[SourceQuality "1"]

1. d4 Nf6 2. c4 e6 3. g3 c5 4. Nf3 cxd4 5. Nxd4 Bb4+ 6. Nc3 Ne4 7. Qd3 Bxc3+ 8.
bxc3 Nc5 9. Qe3 d6 10. Bg2 O-O 11. Ba3 Qa5 12. Nb5 Nba6 13. O-O Bd7 14. Bb4
Nxb4 15. cxb4 Qxb4 16. Rfb1 Qa5 17. Nxd6 Qc7 18. Nxb7 Na4 19. Qa3 Rab8 20. Rb4
Qe5 21. Rc1 Qxe2 22. Bf3 Qe5 23. c5 a5 24. Rbc4 Qc7 25. Rxa4 Bxa4 26. Qxa4 Rxb7
27. Bxb7 Qxb7 28. Qxa5 Qc6 29. Qb6 Rc8 30. Rd1 Qa8 31. c6 Kf8 32. c7 Ke7 33.
Qd6+ Kf6 34. Qf4+ Kg6 35. Rd7 Rf8 36. Qg4+ Kf6 37. Qd4+ 1-0

[Event "Florianopolis Masters"]
[Site "Florianopolis"]
[Date "2015.01.24"]
[Round "8"]
[White "Quintiliano Pinto, Renato Rodrigues"]
[Black "Cubas, Jose Fernando"]
[Result "1/2-1/2"]
[WhiteElo "2364"]
[BlackElo "2459"]
[PlyCount "23"]
[EventDate "2015.01.19"]
[EventType "tourn"]
[EventRounds "9"]
[EventCountry "BRA"]
[EventCategory "7"]
[SourceTitle "CBM 164 Extra"]
[Source "ChessBase"]
[SourceDate "2015.03.02"]
[SourceVersion "1"]
[SourceVersionDate "2015.03.02"]
[SourceQuality "1"]

1. d4 Nf6 2. Nf3 e6 3. c4 d5 4. Nc3 Bb4 5. cxd5 exd5 6. Bg5 c5 7. e3 Nbd7 8.
Qc2 Qa5 9. Bd3 c4 10. Bf5 g6 11. Bxd7+ Nxd7 12. e4 1/2-1/2

[Event "Florianopolis Masters"]
[Site "Florianopolis"]
[Date "2015.01.24"]
[Round "9"]
[White "Cubas, Jose Fernando"]
[Black "Paveto, Kevin"]
[Result "1-0"]
[WhiteElo "2459"]
[BlackElo "2437"]
[PlyCount "49"]
[EventDate "2015.01.19"]
[EventType "tourn"]
[EventRounds "9"]
[EventCountry "BRA"]
[EventCategory "7"]
[SourceTitle "CBM 164 Extra"]
[Source "ChessBase"]
[SourceDate "2015.03.02"]
[SourceVersion "1"]
[SourceVersionDate "2015.03.02"]
[SourceQuality "1"]

1. e4 e5 2. Nf3 Nc6 3. Bc4 Bc5 4. c3 Nf6 5. d3 a6 6. Bb3 d6 7. h3 Ba7 8. Nbd2
Ne7 9. Nf1 Ng6 10. Ng3 c6 11. O-O O-O 12. Re1 d5 13. Bg5 Qb6 14. Qc2 dxe4 15.
dxe4 Nd7 16. h4 h6 17. h5 Nf4 18. Bxf4 exf4 19. Nf5 Nf6 20. Ne7+ Kh8 21. Ne5
Bg4 22. N5g6+ fxg6 23. Nxg6+ Kh7 24. e5 Rfe8 25. Nf8+ 1-0

[Event "Paulista-chTB"]
[Site "Sao Paulo"]
[Date "2015.02.28"]
[Round "1.3"]
[White "Mandetta, Joao Danilo"]
[Black "Cubas, Jose Fernando"]
[Result "1/2-1/2"]
[WhiteElo "2221"]
[BlackElo "2419"]
[PlyCount "85"]
[EventDate "2015.02.28"]
[EventType "team-tourn"]
[EventRounds "7"]
[EventCountry "BRA"]
[SourceTitle "EXT 2017"]
[Source "ChessBase"]
[SourceDate "2016.10.25"]
[SourceVersion "1"]
[SourceVersionDate "2016.10.25"]
[SourceQuality "1"]
[WhiteTeam "Sao Jose CDR-A"]
[BlackTeam "Sao Jose CDR-FIP"]
[WhiteTeamCountry "BRA"]
[BlackTeamCountry "BRA"]

1. Nf3 d5 2. c4 c6 3. g3 g6 4. Bg2 Bg7 5. O-O e5 6. cxd5 cxd5 7. d3 Ne7 8. Nc3
Nbc6 9. Qa4 O-O 10. Bd2 h6 11. Rac1 Be6 12. b4 Qd7 13. Rfe1 a6 14. b5 axb5 15.
Qxb5 Ra5 16. Qb6 Rfa8 17. Rb1 f5 18. e4 d4 19. Nd5 Nxd5 20. exd5 Rxd5 21. Qxb7
Rxa2 22. Qxd7 Rxd7 23. Rb6 Bd5 24. Nh4 Bxg2 25. Kxg2 Ne7 26. Bb4 Nd5 27. Rd6
Ne3+ 28. Kg1 Rxd6 29. Bxd6 Ng4 30. Nxg6 Nxf2 31. Nxe5 Nh3+ 32. Kh1 Nf2+ 33. Kg1
Rd2 34. Bb4 Rb2 35. Bc5 Bxe5 36. Rxe5 Nxd3 37. Rd5 Nxc5 38. Rxc5 d3 39. Rd5 d2
40. Kf1 Rb1+ 41. Ke2 Rh1 42. Kxd2 Rxh2+ 43. Ke3 1/2-1/2

[Event "Paulista-chTB"]
[Site "Sao Paulo"]
[Date "2015.02.28"]
[Round "2.3"]
[White "Cubas, Jose Fernando"]
[Black "Claverie, Raul Ricardo"]
[Result "1/2-1/2"]
[WhiteElo "2419"]
[BlackElo "2525"]
[PlyCount "145"]
[EventDate "2015.02.28"]
[EventType "team-tourn"]
[EventRounds "7"]
[EventCountry "BRA"]
[SourceTitle "EXT 2017"]
[Source "ChessBase"]
[SourceDate "2016.10.25"]
[SourceVersion "1"]
[SourceVersionDate "2016.10.25"]
[SourceQuality "1"]
[WhiteTeam "Sao Jose CDR-FIP"]
[BlackTeam "Rio Preto SMEL"]
[WhiteTeamCountry "BRA"]
[BlackTeamCountry "BRA"]

1. e4 b6 2. d4 Bb7 3. Bd3 e6 4. Nf3 Ne7 5. O-O d6 6. a4 a6 7. Re1 g6 8. Nbd2
Bg7 9. Nf1 Nd7 10. c3 O-O 11. Ng3 e5 12. dxe5 Nxe5 13. Nxe5 Bxe5 14. Bh6 Bg7
15. Qd2 Nc6 16. Bxg7 Kxg7 17. f4 Qh4 18. Bc4 Rae8 19. Rf1 Na5 20. Ba2 Bc6 21.
Rae1 Kg8 22. b4 Nb7 23. Bd5 Nd8 24. Qd3 Bxd5 25. Qxd5 Qf6 26. Rf3 Qe6 27. Qd3
Qc8 28. Ref1 Nc6 29. h4 a5 30. b5 Ne7 31. f5 f6 32. Qd2 gxf5 33. Nh5 Kh8 34.
Qh6 Rf7 35. Nxf6 Qe6 36. Ng4 Qxh6 37. Nxh6 Rf6 38. Nxf5 Nxf5 39. exf5 h5 40.
Rf4 Kg7 41. R1f3 Re5 42. Kh2 Kf7 43. Rc4 Rfxf5 44. Rxc7+ Ke6 45. Rc6 Re4 46.
Rxf5 Rxh4+ 47. Kg3 Rg4+ 48. Kh2 Kxf5 49. Rxd6 Rxa4 50. Rxb6 Rc4 51. Rh6 Rxc3
52. Rxh5+ Kg6 53. Rh3 Rxh3+ 54. Kxh3 a4 55. b6 a3 56. b7 a2 57. b8=Q a1=Q 58.
Qg8+ Kh6 59. Qe6+ Kg7 60. Kh4 Qh1+ 61. Qh3 Qa1 62. g3 Qd4+ 63. Qg4+ Qxg4+ 64.
Kxg4 Kg6 65. Kf4 Kf6 66. g4 Kg6 67. g5 Kg7 68. Kf5 Kf7 69. g6+ Kg7 70. Kg5 Kg8
71. Kf6 Kf8 72. g7+ Kg8 73. Kg6 1/2-1/2

[Event "Paulista-chTB"]
[Site "Sao Paulo"]
[Date "2015.03.01"]
[Round "3.3"]
[White "Medeiros Jr, Francisco de Assis"]
[Black "Cubas, Jose Fernando"]
[Result "0-1"]
[WhiteElo "2042"]
[BlackElo "2419"]
[PlyCount "62"]
[EventDate "2015.02.28"]
[EventType "team-tourn"]
[EventRounds "7"]
[EventCountry "BRA"]
[SourceTitle "EXT 2017"]
[Source "ChessBase"]
[SourceDate "2016.10.25"]
[SourceVersion "1"]
[SourceVersionDate "2016.10.25"]
[SourceQuality "1"]
[WhiteTeam "Sao Jose Em Cima da Hora"]
[BlackTeam "Sao Jose CDR-FIP"]
[WhiteTeamCountry "BRA"]
[BlackTeamCountry "BRA"]

1. d4 Nf6 2. Nf3 e6 3. c4 c5 4. d5 exd5 5. cxd5 g6 6. Nc3 d6 7. Bf4 a6 8. a4
Bg7 9. h3 O-O 10. e3 Re8 11. Nd2 Qc7 12. Nc4 Bf8 13. a5 Nbd7 14. Na4 Rb8 15.
Be2 Ne5 16. Bxe5 dxe5 17. O-O Bd7 18. Nab6 Rbd8 19. Qb3 Bb5 20. Rfd1 e4 21. Rd2
Bxc4 22. Bxc4 Bd6 23. Be2 Re5 24. Rad1 Rf5 25. Bf1 h5 26. Qc2 g5 27. Nc4 g4 28.
Rc1 gxh3 29. Nxd6 h2+ 30. Kh1 Qxd6 31. Qxc5 Ng4 0-1

[Event "Paulista-chTB"]
[Site "Sao Paulo"]
[Date "2015.03.01"]
[Round "4.3"]
[White "Cubas, Jose Fernando"]
[Black "Schutt, Ricardo de Amorim"]
[Result "1/2-1/2"]
[WhiteElo "2419"]
[BlackElo "2193"]
[PlyCount "84"]
[EventDate "2015.02.28"]
[EventType "team-tourn"]
[EventRounds "7"]
[EventCountry "BRA"]
[SourceTitle "EXT 2017"]
[Source "ChessBase"]
[SourceDate "2016.10.25"]
[SourceVersion "1"]
[SourceVersionDate "2016.10.25"]
[SourceQuality "1"]
[WhiteTeam "Sao Jose CDR-FIP"]
[BlackTeam "Pinheiros II"]
[WhiteTeamCountry "BRA"]
[BlackTeamCountry "BRA"]

1. e4 e6 2. d4 d5 3. Nc3 Bb4 4. e5 Qd7 5. Bd2 b6 6. Qg4 f5 7. Qg3 Ba6 8. Bxa6
Nxa6 9. Nge2 O-O-O 10. O-O h6 11. a3 Bxc3 12. Bxc3 g5 13. f4 Ne7 14. a4 Rdg8
15. Qd3 Nb8 16. a5 Qc6 17. axb6 axb6 18. b3 Kd7 19. Bd2 Ke8 20. Rac1 Qd7 21.
Ng3 h5 22. fxg5 h4 23. Ne2 Nbc6 24. Nf4 Ng6 25. Nh3 Kf7 26. Rf2 Nce7 27. Rcf1
c5 28. Nf4 Rc8 29. c3 Kg7 30. Ne2 c4 31. Qb1 b5 32. g4 hxg3 33. hxg3 Rh3 34.
Rh2 Rxh2 35. Kxh2 Rh8+ 36. Kg2 Qc8 37. Nf4 Nxf4+ 38. gxf4 Rh4 39. Be1 Rh8 40.
Bd2 Rh4 41. Be1 Rh8 42. Bd2 Rh4 1/2-1/2

[Event "Paulista-chTB"]
[Site "Sao Paulo"]
[Date "2015.03.07"]
[Round "6.3"]
[White "Cubas, Jose Fernando"]
[Black "Gazola, Vanessa Ramos"]
[Result "1-0"]
[WhiteElo "2419"]
[BlackElo "2099"]
[PlyCount "113"]
[EventDate "2015.02.28"]
[EventType "team-tourn"]
[EventRounds "7"]
[EventCountry "BRA"]
[SourceTitle "EXT 2017"]
[Source "ChessBase"]
[SourceDate "2016.10.25"]
[SourceVersion "1"]
[SourceVersionDate "2016.10.25"]
[SourceQuality "1"]
[WhiteTeam "Sao Jose CDR-FIP"]
[BlackTeam "Circulo Militar"]
[WhiteTeamCountry "BRA"]
[BlackTeamCountry "BRA"]

1. e4 c5 2. Nf3 Nc6 3. d4 cxd4 4. Nxd4 e5 5. Nb5 a6 6. Nd6+ Bxd6 7. Qxd6 Qf6 8.
Qxf6 Nxf6 9. Nc3 Nb4 10. Kd2 d6 11. b3 O-O 12. Ba3 Nc6 13. Bd3 Rd8 14. Rad1 b5
15. Bb2 Be6 16. Kc1 Rac8 17. f3 d5 18. exd5 Nxd5 19. Nxd5 Bxd5 20. Bf5 Rb8 21.
Rd2 Be6 22. Bxe6 fxe6 23. Rhd1 Rxd2 24. Rxd2 Rc8 25. Rd7 Nb4 26. a3 Nxc2 27.
Bxe5 Nxa3+ 28. Kd1 Rc2 29. Rxg7+ Kf8 30. Ra7 Rxg2 31. Bd6+ Kg8 32. Bxa3 Rxh2
33. Bd6 Ra2 34. Re7 a5 35. Rxe6 Rb2 36. Re3 Kf7 37. Kc1 Rf2 38. Bc7 a4 39. bxa4
bxa4 40. Ra3 h5 41. Bg3 Rg2 42. Bh4 Kg6 43. Rxa4 Kf5 44. Kd1 Rb2 45. Ke1 Rc2
46. Kf1 Rb2 47. Bf2 Rb3 48. Kg2 Rd3 49. Kg3 Rb3 50. Be1 Rd3 51. Ba5 Rb3 52. Bd2
Rd3 53. Ra5+ Kg6 54. Rg5+ Kf6 55. Bf4 h4+ 56. Kg4 h3 57. Rh5 1-0

[Event "Paulista-chTB"]
[Site "Sao Paulo"]
[Date "2015.03.08"]
[Round "7.3"]
[White "Santos, Marcus Vinicius M"]
[Black "Cubas, Jose Fernando"]
[Result "1/2-1/2"]
[WhiteElo "2329"]
[BlackElo "2419"]
[PlyCount "63"]
[EventDate "2015.02.28"]
[EventType "team-tourn"]
[EventRounds "7"]
[EventCountry "BRA"]
[SourceTitle "EXT 2017"]
[Source "ChessBase"]
[SourceDate "2016.10.25"]
[SourceVersion "1"]
[SourceVersionDate "2016.10.25"]
[SourceQuality "1"]
[WhiteTeam "Hebraica"]
[BlackTeam "Sao Jose CDR-FIP"]
[WhiteTeamCountry "BRA"]
[BlackTeamCountry "BRA"]

1. e4 c5 2. Nc3 Nc6 3. f4 g6 4. Nf3 Bg7 5. Bb5 Nd4 6. O-O a6 7. Bd3 d6 8. Nxd4
Bxd4+ 9. Kh1 e6 10. Rb1 Ne7 11. b4 b5 12. bxc5 dxc5 13. e5 Bxc3 14. Be4 Rb8 15.
dxc3 Qxd1 16. Rxd1 Bb7 17. Bxb7 Rxb7 18. c4 O-O 19. g4 Rfb8 20. Be3 bxc4 21.
Rxb7 Rxb7 22. Rd8+ Kg7 23. Bxc5 h5 24. h3 hxg4 25. hxg4 Nd5 26. f5 gxf5 27.
gxf5 Rb2 28. Rd7 Kg8 29. Rd8+ Kg7 30. Rd7 Kg8 31. Rd8+ Kg7 32. Rd7 1/2-1/2

[Event "Campinas Fazer op"]
[Site "Campinas"]
[Date "2015.03.20"]
[Round "1"]
[White "Milanez, Eduardo Medeiros"]
[Black "Cubas, Jose Fernando"]
[Result "0-1"]
[WhiteElo "1827"]
[BlackElo "2467"]
[PlyCount "74"]
[EventDate "2015.03.20"]
[EventType "swiss"]
[EventRounds "6"]
[EventCountry "BRA"]
[SourceTitle "EXT 2018"]
[Source "ChessBase"]
[SourceDate "2017.10.13"]
[SourceVersion "1"]
[SourceVersionDate "2017.10.13"]
[SourceQuality "1"]

1. c4 e5 2. Nc3 Nf6 3. g3 c6 4. Bg2 d5 5. cxd5 cxd5 6. d3 d4 7. Ne4 Nxe4 8.
Bxe4 Nc6 9. Bd2 Be6 10. Bg2 Be7 11. Nf3 O-O 12. O-O Qd7 13. Qa4 Rfc8 14. Rfc1
f6 15. b4 Nxb4 16. Rxc8+ Rxc8 17. Qxd7 Bxd7 18. Rb1 a5 19. a3 Nc6 20. Rxb7 Be6
21. Nxe5 fxe5 22. Bxc6 Bxa3 23. Ba4 Bb4 24. Rb6 Bh3 25. Bb3+ Kf8 26. Bxb4+ axb4
27. Bc4 Ra8 28. Ba6 b3 29. f3 h5 30. g4 h4 31. Kf2 b2 32. Rxb2 Rxa6 33. Rb1 Ra2
34. Rg1 Ke7 35. Rb1 Kf6 36. Re1 Kg5 37. Rb1 Kf4 0-1

[Event "Campinas Fazer op"]
[Site "Campinas"]
[Date "2015.03.20"]
[Round "2"]
[White "Cubas, Jose Fernando"]
[Black "Alboredo, Julia"]
[Result "1-0"]
[WhiteElo "2467"]
[BlackElo "2018"]
[PlyCount "61"]
[EventDate "2015.03.20"]
[EventType "swiss"]
[EventRounds "6"]
[EventCountry "BRA"]
[SourceTitle "EXT 2018"]
[Source "ChessBase"]
[SourceDate "2017.10.13"]
[SourceVersion "1"]
[SourceVersionDate "2017.10.13"]
[SourceQuality "1"]

1. e4 c5 2. Nf3 Nc6 3. d4 cxd4 4. Nxd4 Nf6 5. Nc3 e5 6. Ndb5 d6 7. Bg5 a6 8.
Na3 b5 9. Bxf6 gxf6 10. Nd5 f5 11. c3 Bg7 12. exf5 Bxf5 13. Nc2 O-O 14. Nce3
Be6 15. g3 f5 16. Bh3 Kh8 17. O-O Rb8 18. f4 Qd7 19. Qh5 e4 20. Rad1 b4 21. Rf2
bxc3 22. bxc3 Rb5 23. Rfd2 Qa7 24. Kh1 Bf7 25. Qe2 Be6 26. g4 fxg4 27. Bxg4
Bxg4 28. Qxg4 Ra5 29. Rg2 Nd8 30. Rdg1 Rf7 31. f5 1-0

[Event "Campinas Fazer op"]
[Site "Campinas"]
[Date "2015.03.21"]
[Round "3"]
[White "Terao, Juliana Sayumi"]
[Black "Cubas, Jose Fernando"]
[Result "1-0"]
[WhiteElo "2232"]
[BlackElo "2467"]
[PlyCount "71"]
[EventDate "2015.03.20"]
[EventType "swiss"]
[EventRounds "6"]
[EventCountry "BRA"]
[SourceTitle "EXT 2018"]
[Source "ChessBase"]
[SourceDate "2017.10.13"]
[SourceVersion "1"]
[SourceVersionDate "2017.10.13"]
[SourceQuality "1"]

1. e4 g6 2. d4 Bg7 3. Nc3 d6 4. h3 c6 5. a4 Nd7 6. Nf3 Qc7 7. Bc4 Ngf6 8. Bf4
e5 9. dxe5 dxe5 10. Be3 O-O 11. O-O Nb6 12. Bb3 Qe7 13. Qe2 Be6 14. Bxe6 Qxe6
15. b3 Nh5 16. a5 Nd7 17. Rfd1 Rfd8 18. Na4 Nf4 19. Qf1 Bf6 20. Rd2 Be7 21.
Rad1 f6 22. Bxf4 exf4 23. Nd4 Qf7 24. Nxc6 bxc6 25. Rxd7 Qe6 26. Rxd8+ Rxd8 27.
Rxd8+ Bxd8 28. Nc5 Qe5 29. Qc4+ Kh8 30. b4 Be7 31. Nd3 Qa1+ 32. Kh2 f3 33. Qxc6
Kg7 34. Qd7 Kf8 35. gxf3 Qd1 36. Qc8+ 1-0

[Event "Campinas Fazer op"]
[Site "Campinas"]
[Date "2015.03.21"]
[Round "4"]
[White "Cubas, Jose Fernando"]
[Black "Deus Filho, Joaquim"]
[Result "1-0"]
[WhiteElo "2467"]
[BlackElo "1924"]
[PlyCount "51"]
[EventDate "2015.03.20"]
[EventType "swiss"]
[EventRounds "6"]
[EventCountry "BRA"]
[SourceTitle "EXT 2018"]
[Source "ChessBase"]
[SourceDate "2017.10.13"]
[SourceVersion "1"]
[SourceVersionDate "2017.10.13"]
[SourceQuality "1"]

1. e4 e6 2. d4 b6 3. Nf3 Bb7 4. Bd3 c5 5. c3 Ba6 6. Bxa6 Nxa6 7. O-O cxd4 8.
cxd4 Nf6 9. Nc3 Bb4 10. e5 Nd5 11. Nxd5 exd5 12. Qb3 O-O 13. Qxd5 Nc7 14. Qb3
Be7 15. Be3 d5 16. Rac1 Qd7 17. Rc2 Ne6 18. Rfc1 h6 19. Ne1 f5 20. f4 g5 21.
Nd3 Kf7 22. Rc6 Rg8 23. Qc2 Rg6 24. fxg5 Bxg5 25. Rd6 Qb5 26. Nf4 1-0